000
00331nam a22001577a 4500
003
OSt
008
210914b ||||| |||| 00| 0 eng d
020
_a
9788175994140
082
_a
335.41
_b
MAC
100
_a
MARX,Karl
245
_a
Capital
250
_a
Rep
260
_b
Fingerprint
_c
2021
300
_a
1392
942
_2
ddc
_c
BK
999
_c
10910
_d
10910